R v Caradon DC ex parte Lovejoy (Record no. 62201)
[ view plain ]
| 000 -LEADER | |
|---|---|
| fixed length control field | 00950cam a2200181 4500 |
| 001 - CONTROL NUMBER | |
| control field | X103551 |
| 008 - FIXED-LENGTH DATA ELEMENTS--GENERAL INFORMATION | |
| fixed length control field | 000000n2000 000 0 eng u |
| 035 ## - SYSTEM CONTROL NUMBER | |
| System control number | (Sirsi) u103551 |
| 245 ## - TITLE STATEMENT | |
| Title | R v Caradon DC ex parte Lovejoy |
| 260 ## - PUBLICATION, DISTRIBUTION, ETC. | |
| Date of publication, distribution, etc. | 2000 |
| 490 ## - SERIES STATEMENT | |
| Series statement | Property and Compensation Reports |
| Volume/sequential designation | [1999] P&CR 4 243 |
| 520 ## - SUMMARY, ETC. | |
| Summary, etc. | QBD 26 April 1999. Town & country planning. Agriculture. Permitted development for agricultural building. Prior notification determination application for siting, design, external appearance. Detail of specification of materials to be used in building. Construction of TCP(GPD) Order 1995, Schedule 2, Part 6, Class A.2(2)(d)(ii). Whether application valid. TAKEN FROM JOURNAL HEADNOTE. |
| 650 ## - SUBJECT ADDED ENTRY--TOPICAL TERM | |
| Topical term or geographic name entry element | TOWN AND COUNTRY PLANNING (GENERAL PERMITTED DEVELOPMENT ORDER) 1995 |
| 650 ## - SUBJECT ADDED ENTRY--TOPICAL TERM | |
| Topical term or geographic name entry element | AGRICULTURE |
| 650 ## - SUBJECT ADDED ENTRY--TOPICAL TERM | |
| Topical term or geographic name entry element | TOWN AND COUNTRY PLANNING |
| 690 ## - LOCAL SUBJECT ADDED ENTRY--TOPICAL TERM (OCLC, RLIN) | |
| Topical term or geographic name as entry element | ENVIRONMENTAL AND LAND CONSULTANCY-PLANNING AND DEVELOPMENT |
| 942 ## - ADDED ENTRY ELEMENTS (KOHA) | |
| Suppress in OPAC | 0 |
| Withdrawn status | Lost status | Source of classification or shelving scheme | Damaged status | Not for loan | Home library | Current library | Shelving location | Date acquired | Total Checkouts | Full call number | Barcode | Date last seen | Copy number | Price effective from | Koha item type |
|---|---|---|---|---|---|---|---|---|---|---|---|---|---|---|---|
| Dewey Decimal Classification | London | London | Journal article | 13/01/2000 | X103551 | 103551-1001 | 06/08/2019 | 1 | 06/08/2019 | Law report |